C. Plinii Caecilii Secundi Epistolarum libri decem eiusdemque panegyricus ad exemplar Gesnerianum recusi (Запись № 10376646)

Подробности
000 -МАРКЕР
контрольное поле 01326nam0a22003251 4500
001 - ИДЕНТИФИКАТОР ЗАПИСИ
контрольное поле RU\NLR\A2\5182
005 - ИДЕНТИФИКАТОР ВЕРСИИ
контрольное поле 20260407082539.0
035 ## - ДРУГИЕ СИСТЕМНЫЕ НОМЕРА
Идентификатор записи (NLR Aleph) 009858702
100 ## - ДАННЫЕ ОБЩЕЙ ОБРАБОТКИ
Данные общей обработки 19970619d1774 u y0rusy50 ca
101 0# - ЯЗЫК РЕСУРСА
Язык текста, звукозаписи и т.д. латинский
102 ## - СТРАНА ПУБЛИКАЦИИ ИЛИ ПРОИЗВОДСТВА
Страна публикации российская федерация
200 1# - ЗАГЛАВИЕ И СВЕДЕНИЯ ОБ ОТВЕТСТВЕННОСТИ
Основное заглавие C. Plinii Caecilii Secundi Epistolarum libri decem eiusdemque panegyricus ad exemplar Gesnerianum recusi
Сведения, относящиеся к заглавию Cum vita C. Plinii
210 ## - ПУБЛИКАЦИЯ, РАСПРОСТРАНЕНИЕ И ДР.
Место издания, распространения и т.д. Petropoli [St.- Peterburg]
Имя издателя, распространителя и т. д. Typis Academiae Imperialis scientiar.
Дата издания, распространения и т.д. 1774
215 ## - ФИЗИЧЕСКАЯ ХАРАКТЕРИСТИКА
Специфическое обозначение материала и объем XVI, 517 с.
Размеры
321 1# - ПРИМЕЧАНИЯ ОБ ОТДЕЛЬНО ИЗДАННЫХ УКАЗАТЕЛЯХ / РЕФЕРАТАХ / ССЫЛКАХ, ОТРАЖАЮЩИХ КАТАЛОГИЗИРУЕМЫЙ ДОКУМЕНТ
Примечания об указателях, рефератах, ссылках СК XVIII(ин.) 2224
327 0# - ПРИМЕЧАНИЯ О СОДЕРЖАНИИ
Текст примечания С.III-XVI: Vita C. Plinii Caecilii Secundi / Auctore Christophoro Cellario; Cum notis Jo. Matthiae Gesneri. С.411-517: C. Plinii Caecilii Secundi consulis panegyricus, Nervae Traiano Augusto dictus
517 1# - ДРУГИЕ ВАРИАНТЫ ЗАГЛАВИЯ
Вариант заглавия Epistolarum libri decem ...
600 #0 - ИМЯ ЛИЦА КАК ПРЕДМЕТ
Начальный элемент ввода Traianus
Даты 53-117
620 ## - МЕСТО И ДАТА ПУБЛИКАЦИИ, ИСПОЛНЕНИЯ И Т. Д.
Город St.- Peterburg
700 #1 - ИМЯ ЛИЦА - ПЕРВИЧНАЯ ОТВЕТСТВЕННОСТЬ
Начальный элемент ввода Plinius Caecilius Secundus
Часть имени, кроме начального элемента ввода C.
Даты 61/62-ок.114
Расширение инициалов личного имени Caius
Код отношения Автор
702 #1 - ИМЯ ЛИЦА - ВТОРИЧНАЯ ОТВЕТСТВЕННОСТЬ
Начальный элемент ввода Cellarius
Часть имени, кроме начального элемента ввода Ch.
Даты 1638-1707
Расширение инициалов личного имени Christophorus
Код отношения Автор
702 #1 - ИМЯ ЛИЦА - ВТОРИЧНАЯ ОТВЕТСТВЕННОСТЬ
Начальный элемент ввода Gesner
Часть имени, кроме начального элемента ввода J.M.
Даты 1691-1761
Расширение инициалов личного имени Johann Matthias
Код отношения Редактор
712 02 - НАИМЕНОВАНИЕ ОРГАНИЗАЦИИ - ВТОРИЧНАЯ ОТВЕТСТВЕННОСТЬ
Код отношения Печатник (типограф)
Материалы, к которым относится поле lat
Начальный элемент ввода Academia scientiarum
Идентифицирующий признак Petropolis
Структурное подразделение Typographia
Графика поля Латинская
Идентификатор авторитетной/нормативной записи RU\NLR\AUTH\888588
Системный номер авторитетной/нормативной записи 289639
801 #0 - ИСТОЧНИК ЗАПИСИ
Страна российская федерация
Организация NLR
Дата составления 19970619
852 ## - МЕСТОНАХОЖДЕНИЕ И ШИФР ХРАНЕНИЯ
Идентификатор организации NLR
Шифр хранения (Call Number) 7.19.5.14
942 ## - ДОПОЛНИТЕЛЬНЫЕ ЭЛЕМЕНТЫ ЗАПИСИ (АБИС)
Тип экземпляра АБИС Книга
980 ## - КОЛЛЕКЦИЯ
Название коллекции Национальная библиография
980 ## - КОЛЛЕКЦИЯ
Название коллекции Книги XVIII века на западноевропейских языках, изданные в России
Экземпляры
Тип экземпляра Дата поступления Библиотека постоянного хранения Библиотека текущего хранения Место хранения Шифр хранения Штрих-код Статус не для выдачи
Книга 26.10.2013 РНБ (Садовая) РНБ (Садовая) Иностранный книжный фонд, главное здание (Садовая) 7.19.5.14 9858702-10